|
|
|
|
| LEADER |
00631cam a2200193 7i4500 |
| 001 |
0000017244 |
| 005 |
20060412090000.0 |
| 020 |
0 |
0 |
|a 967-936-471-2
|
| 090 |
0 |
0 |
|a M 635.048409595
|b MAL
|
| 110 |
2 |
0 |
|a Malaysian Agricultural Research and Development Institute [MARDI]
|
| 245 |
0 |
0 |
|a Organic vegetable cultivation in Malaysia.
|
| 260 |
0 |
0 |
|a Kuala Lumpur:
|b MARDI,
|c 2005.
|
| 300 |
# |
# |
|a 207 p.
|
| 650 |
0 |
0 |
|a Organic farming --
|z Malaysia
|
| 650 |
0 |
0 |
|a Vegetable gardening --
|z Malaysia
|
| 650 |
0 |
0 |
|a Organic gardening --
|z Malaysia
|
| 651 |
0 |
0 |
|a Malaysia
|
| 700 |
1 |
1 |
|a Z.,
|h Aini
|
| 999 |
|
|
|a B000018462
|b Book
|c Malaysia
|e Business Information Centre
|